Statistiques concernant Clips du top 50 de l'année 2014

Cliquez ici pour prendre le quiz!

Statistiques générales

  • Ce quiz a été pris 185 fois
  • Le résultat moyen est 7 sur 8

Statistiques - réponses

Réponse% Correct
Stromae - Tous les mêmes
98%
La reine des neiges (Anaïs Delva) - Libérée, délivrée
93%
Maître Gims - Zombie
91%
Indila - Tourner dans le vide
90%
Kendji Girac - Andalouse
88%
Black M - Sur ma route
87%
Mika - Boum Boum Boum
87%
Christine and the Queens - Saint Claude
73%

Distribution des résultats

Percentile par nombre de réponses

% des personnes avec chaque résultat

Votre développement - résultats

Vous n’avez pas pris ce quiz